Score 0/30 Timer 05:00
0 Plays Today
% Correct
Jack Bauer
98.7%
Chloe O'Brian
81.1%
Tony Almeida
77.2%
Kim Bauer
70.6%
David Palmer
68.3%
Michelle Dessler
67%
Teri Bauer
63.9%
Mike Novick
62.9%
Wayne Palmer
62.9%
Audrey Raines
61.7%
Ryan Chappelle
59.4%
Nina Myers
59.3%
Aaron Pierce
57.9%
George Mason
56.3%
Chase Edmunds
56.2%
% Correct
Milo Pressman
56.2%
James Heller
51.7%
Curtis Manning
50.6%
Bill Buchanan
49.6%
Renee Walker
49.3%
Edgar Stiles
47.2%
Charles Logan
46.5%
Martha Logan
43.5%
Noah Daniels
41.1%
Sherry Palmer
38.9%
Allison Taylor
35.6%
Morris O'Brian
35.1%
Karen Hayes
32.6%
Ethan Kanin
29.6%
Mandy
22.7%
Remove Ads.
Support Sporcle.
Get the best of Sporcle when you Go Orange. This ad-free experience offers more features, more stats, and more fun while also helping to support Sporcle. Thank you for becoming a member.

You're not logged in!

Compare scores with friends on all Sporcle quizzes.
OR
Log In

Show Comments

Extras

Top Quizzes Today


Score Distribution

Your Account Isn't Verified!

In order to create a playlist on Sporcle, you need to verify the email address you used during registration. Go to your Sporcle Settings to finish the process.

Report this User

Report this user for behavior that violates our Community Guidelines.

Details: